[Event "Cornella Pinol Memorial 6th"]
[Site "Cornella de Llobregat"]
[Date "2018.11.19"]
[Round "9"]
[White "Miguel Centeno, David"]
[Black "Planella Sanchez, Jordi"]
[Result "0-1"]
[WhiteElo "2112"]
[BlackElo "1885"]
[PlyCount "65"]
[EventDate "2018.09.24"]
[EventType "swiss"]
[EventRounds "9"]
[EventCountry "ESP"]
[SourceTitle "CBM 187 Extra"]
[Source "ChessBase"]
[SourceDate "2018.11.04"]
[SourceVersion "1"]
[SourceVersionDate "2018.11.04"]
[SourceQuality "1"]

1. e4 c5 2. Nf3 a6 3. c3 Nc6 4. d4 cxd4 5. cxd4 d6 6. d5 Nb8 7. Nc3 g6 8. Be3 Nf6 9. h3 Bg7 10. Bd3 0-0 11. h4 e5 12. 0-0 Nh5 13. Nd2 Nf4 14. Nc4 Qxh4 15. Re1 Nxg2 16. Kxg2 Bh3+ 17. Kg1 f5 18. Qf3 f4 19. Nxd6 fxe3 20. Qxe3 Rf4 21. Ne2 Rg4+ 22. Ng3 Bh6 23. Qf3 Bf4 24. Re3 Nd7 25. Rc1 Nf6 26. Rc7 Nh5 27. Ndf5 gxf5 28. exf5 Nxg3 29. fxg3 Bxe3+ 30. Kh2 Bg1+ 31. Kh1 Rxg3 32. Rxh7 Bg2+ 33. Kxg1 0-1

[Event "Cornella Pinol Memorial 6th"]
[Site "Cornella de Llobregat"]
[Date "2018.10.29"]
[Round "6"]
[White "Villar Reymundo, Juan Antonio"]
[Black "Miguel Centeno, David"]
[Result "1-0"]
[WhiteElo "2185"]
[BlackElo "2112"]
[PlyCount "109"]
[EventDate "2018.09.24"]
[EventType "swiss"]
[EventRounds "9"]
[EventCountry "ESP"]
[SourceTitle "CBM 187 Extra"]
[Source "ChessBase"]
[SourceDate "2018.11.04"]
[SourceVersion "1"]
[SourceVersionDate "2018.11.04"]
[SourceQuality "1"]

1. d4 d5 2. Nf3 e6 3. g3 Nf6 4. Bg2 c5 5. 0-0 Nc6 6. c4 Be7 7. cxd5 exd5 8. Nc3 0-0 9. dxc5 Bxc5 10. Bg5 d4 11. Bxf6 Qxf6 12. Nd5 Qd8 13. Nd2 Re8 14. Nb3 Bb6 15. Re1 Bg4 16. Qd2 a6 17. Nxb6 Qxb6 18. Bxc6 Qxc6 19. Nxd4 Qd5 20. f3 Rad8 21. Rad1 Be6 22. b3 Bh3 23. e4 Qh5 24. Qf2 Rd6 25. Ne2 Rxd1 26. Rxd1 Bc8 27. Nf4 Qa5 28. Rd5 Qc3 29. Kg2 h6 30. Qd2 Qf6 31. Qd4 Qe7 32. Qc5 Qf6 33. e5 Qf5 34. e6 Qf6 35. exf7+ Kxf7 36. Rd2 Kg8 37. Qc4+ Kh7 38. h4 Qa1 39. Qc2+ Kg8 40. Re2 Rd8 41. Rd2 Re8 42. Qb2 Qe1 43. Re2 Rxe2+ 44. Qxe2 Qxe2+ 45. Nxe2 Kf7 46. Kf2 b6 47. Ke3 Bb7 48. Nc3 Bc6 49. Na4 Bxa4 50. bxa4 Kf6 51. Kd4 Ke6 52. h5 Kf6 53. Kd5 Kg5 54. Kc6 Kxh5 55. Kxb6 1-0

[Event "Cornella Pinol Memorial 6th"]
[Site "Cornella de Llobregat"]
[Date "2018.10.08"]
[Round "3"]
[White "Miguel Centeno, David"]
[Black "Santamaria Torres, Sergio"]
[Result "1-0"]
[WhiteElo "2112"]
[BlackElo "1773"]
[PlyCount "43"]
[EventDate "2018.09.24"]
[EventType "swiss"]
[EventRounds "9"]
[EventCountry "ESP"]
[SourceTitle "CBM 187 Extra"]
[Source "ChessBase"]
[SourceDate "2018.11.04"]
[SourceVersion "1"]
[SourceVersionDate "2018.11.04"]
[SourceQuality "1"]

1. e4 c5 2. Nf3 d6 3. Bb5+ Bd7 4. Bxd7+ Qxd7 5. 0-0 Nc6 6. c3 Nf6 7. d4 cxd4 8. cxd4 e6 9. Nc3 Be7 10. d5 Ne5 11. Nxe5 dxe5 12. dxe6 Qxe6 13. Nd5 Nxd5 14. exd5 Qd7 15. Re1 f6 16. f4 0-0 17. fxe5 fxe5 18. Rxe5 Bc5+ 19. Kh1 Qf7 20. Bg5 h6 21. Bh4 Bd4 22. Qxd4 1-0

[Event "Sant Boi op 29th"]
[Site "Sant Boi de Llobregat"]
[Date "2017.06.09"]
[Round "8"]
[White "Sanglas Clariana, Josep"]
[Black "Miguel Centeno, David"]
[Result "1-0"]
[WhiteElo "2193"]
[BlackElo "2058"]
[PlyCount "55"]
[EventDate "2017.04.21"]
[EventType "swiss"]
[EventRounds "9"]
[EventCountry "ESP"]
[SourceTitle "CBM 187 Extra"]
[Source "ChessBase"]
[SourceDate "2018.11.04"]
[SourceVersion "1"]
[SourceVersionDate "2018.11.04"]
[SourceQuality "1"]

1. d4 d6 2. Bf4 Nf6 3. e3 Bg4 4. f3 Bh5 5. Nc3 Nbd7 6. d5 e5 7. dxe6 fxe6 8. e4 Be7 9. Bc4 Bf7 10. Nh3 h6 11. Qe2 c6 12. 0-0-0 b5 13. Bb3 e5 14. Bxf7+ Kxf7 15. Be3 Qa5 16. Kb1 Nb6 17. Qd3 b4 18. Ne2 d5 19. Bxb6 axb6 20. Nc1 Rhd8 21. Nf2 Bc5 22. Ng4 Nxg4 23. fxg4 Bd4 24. exd5 cxd5 25. Qh7 Rd6 26. Rhf1+ Rf6 27. Rxf6+ Kxf6 28. Rf1+ 1-0

[Event "Sant Boi op 29th"]
[Site "Sant Boi de Llobregat"]
[Date "2017.05.26"]
[Round "6"]
[White "Miguel Centeno, David"]
[Black "Granados Tello, Roman"]
[Result "1/2-1/2"]
[WhiteElo "2058"]
[BlackElo "1852"]
[PlyCount "32"]
[EventDate "2017.04.21"]
[EventType "swiss"]
[EventRounds "9"]
[EventCountry "ESP"]
[SourceTitle "CBM 187 Extra"]
[Source "ChessBase"]
[SourceDate "2018.11.04"]
[SourceVersion "1"]
[SourceVersionDate "2018.11.04"]
[SourceQuality "1"]

1. e4 e6 2. d4 d5 3. e5 c5 4. c3 Nc6 5. Nf3 Bd7 6. a3 Qb6 7. b4 cxd4 8. cxd4 f6 9. Bd3 Rc8 10. 0-0 f5 11. Bb2 Nh6 12. Nbd2 Be7 13. Nb3 Qd8 14. Nc5 Bxc5 15. dxc5 0-0 16. Rc1 Nf7 1/2-1/2

[Event "Cornella de Llobregat op"]
[Site "Cornella de Llobregat"]
[Date "2017.05.08"]
[Round "4"]
[White "Moreno Martin, Daniel"]
[Black "Miguel Centeno, David"]
[Result "1/2-1/2"]
[WhiteElo "2303"]
[BlackElo "2195"]
[PlyCount "49"]
[EventDate "2017.04.03"]
[EventType "swiss"]
[EventRounds "7"]
[EventCountry "ESP"]
[SourceTitle "EXT 2018"]
[Source "ChessBase"]
[SourceDate "2017.10.13"]
[SourceVersion "1"]
[SourceVersionDate "2017.10.13"]
[SourceQuality "1"]

1. e4 e5 2. Nf3 Nc6 3. Bb5 Bc5 4. 0-0 Nd4 5. Nxd4 Bxd4 6. c3 Bb6 7. d3 Nf6 8. Qf3 c6 9. Ba4 d6 10. h3 Be6 11. Bb3 Qe7 12. Nd2 0-0-0 13. Nc4 Bc7 14. Bg5 h6 15. Bxf6 Qxf6 16. Qxf6 gxf6 17. Ne3 Rhg8 18. Bxe6+ fxe6 19. Ng4 Rg6 20. Kh1 d5 21. Rad1 Rdg8 22. g3 f5 23. exf5 exf5 24. Ne3 Rf8 25. Rg1 1/2-1/2

[Event "Sant Boi IM"]
[Site "Sant Boi de Llobregat"]
[Date "2016.11.19"]
[Round "8.4"]
[White "Mitjavila Badia, Josep"]
[Black "Miguel Centeno, David"]
[Result "1/2-1/2"]
[WhiteElo "2070"]
[BlackElo "2115"]
[PlyCount "54"]
[EventDate "2016.10.01"]
[EventType "tourn"]
[EventRounds "9"]
[EventCountry "ESP"]
[SourceTitle "EXT 2024"]
[Source "ChessBase"]
[SourceDate "2023.10.10"]
[SourceVersion "1"]
[SourceVersionDate "2023.10.10"]
[SourceQuality "1"]

1. d4 Nf6 2. Nf3 e6 3. e3 b6 4. Bd3 Bb7 5. 0-0 Be7 6. b3 0-0 7. Bb2 d6 8. Nbd2 Nbd7 9. c4 c5 10. Qe2 Re8 11. Rad1 Qc7 12. Bb1 Rad8 13. Ng5 d5 14. f4 cxd4 15. exd4 h6 16. Ngf3 Qxf4 17. Ne5 Qg5 18. Ndf3 Qh5 19. Qc2 Bd6 20. Rd3 Ne4 21. g4 Qh3 22. Nxf7 Qxg4+ 23. Kh1 dxc4 24. Re3 Qh3 25. Kg1 Qg4+ 26. Kh1 Qh3 27. Kg1 Qg4+ 1/2-1/2

[Event "Sant Boi IM"]
[Site "Sant Boi de Llobregat"]
[Date "2016.10.29"]
[Round "5.4"]
[White "Miguel Centeno, David"]
[Black "Prats Alonso, Oscar"]
[Result "0-1"]
[WhiteElo "2115"]
[BlackElo "1992"]
[PlyCount "78"]
[EventDate "2016.10.01"]
[EventType "tourn"]
[EventRounds "9"]
[EventCountry "ESP"]
[SourceTitle "EXT 2024"]
[Source "ChessBase"]
[SourceDate "2023.10.10"]
[SourceVersion "1"]
[SourceVersionDate "2023.10.10"]
[SourceQuality "1"]

1. e4 e6 2. d4 d5 3. exd5 exd5 4. c4 Nf6 5. Nc3 Be7 6. Nf3 0-0 7. Be2 Bg4 8. 0-0 dxc4 9. Bxc4 c6 10. Be3 Nbd7 11. h3 Bh5 12. g4 Bg6 13. Ne5 Nb6 14. Bb3 Nbd5 15. Bg5 Qc7 16. Re1 Rad8 17. Qf3 a5 18. Re2 Nxc3 19. bxc3 Nd5 20. Bxe7 Nxe7 21. h4 a4 22. Bxa4 f6 23. Bb3+ Kh8 24. Nxg6+ Nxg6 25. Qg3 Nf4 26. Re4 g5 27. Rae1 Qd6 28. Re7 Rd7 29. Qe3 Nh3+ 30. Kg2 Nf4+ 31. Kf3 Ng6 32. Rxd7 Nxh4+ 33. Ke2 Qxd7 34. Kd2 Qxg4 35. Qe7 Ng6 36. Qxb7 Qf3 37. Bc2 Qxf2+ 38. Re2 Qf4+ 39. Kd1 c5 0-1

[Event "Cornella Pinol Memorial 4th"]
[Site "Cornella de Llobregat"]
[Date "2016.10.24"]
[Round "5"]
[White "Lopez Baena, David"]
[Black "Miguel Centeno, David"]
[Result "1-0"]
[WhiteElo "2019"]
[BlackElo "2115"]
[PlyCount "79"]
[EventDate "2016.09.26"]
[EventType "swiss"]
[EventRounds "9"]
[EventCountry "ESP"]
[SourceTitle "EXT 2018"]
[Source "ChessBase"]
[SourceDate "2017.10.13"]
[SourceVersion "1"]
[SourceVersionDate "2017.10.13"]
[SourceQuality "1"]

1. d4 d6 2. Bf4 g6 3. Nf3 Bg7 4. e3 Nd7 5. h3 e5 6. Bh2 Ne7 7. Be2 0-0 8. 0-0 e4 9. Nfd2 f5 10. c4 Nf6 11. Nc3 g5 12. Qc2 Ng6 13. b4 Re8 14. a4 Re7 15. a5 Qe8 16. Rfe1 f4 17. Bf1 Bf5 18. a6 b6 19. Nd5 Nxd5 20. cxd5 Qf7 21. Ra3 Rf8 22. Nb1 h5 23. Nc3 g4 24. Nb5 g3 25. fxg3 fxe3 26. Raxe3 Bh6 27. R3e2 e3 28. Qb3 Be4 29. Nxa7 Bxd5 30. Qc3 Bc4 31. Nc6 Bxe2 32. Nxe7+ Nxe7 33. Bxe2 Qf2+ 34. Kh1 Nf5 35. Qc4+ Kg7 36. Rf1 Nxg3+ 37. Bxg3 Qxg3 38. Qxc7+ Kh8 39. Rxf8+ Bxf8 40. Qf7 1-0

[Event "Sant Boi IM"]
[Site "Sant Boi de Llobregat"]
[Date "2016.10.08"]
[Round "2.1"]
[White "Munoz Cuesta, Emilio Josep"]
[Black "Miguel Centeno, David"]
[Result "1/2-1/2"]
[WhiteElo "2112"]
[BlackElo "2115"]
[PlyCount "105"]
[EventDate "2016.10.01"]
[EventType "tourn"]
[EventRounds "9"]
[EventCountry "ESP"]
[SourceTitle "EXT 2024"]
[Source "ChessBase"]
[SourceDate "2023.10.10"]
[SourceVersion "1"]
[SourceVersionDate "2023.10.10"]
[SourceQuality "1"]

1. f4 e5 2. d3 Nf6 3. fxe5 Ng4 4. Nf3 d6 5. Bg5 Qd7 6. Nc3 Nxe5 7. Qd2 Nbc6 8. e4 f6 9. Be3 Qf7 10. Nd5 Be6 11. c4 g6 12. h3 Bg7 13. Be2 0-0-0 14. Rf1 Qd7 15. Nd4 f5 16. Nb5 Kb8 17. d4 f4 18. Rxf4 Bh6 19. Rf6 Bxe3 20. Nxe3 a6 21. Nc3 Qg7 22. Rxe6 Nxd4 23. Rxe5 dxe5 24. Bd3 Rd7 25. 0-0-0 Rhd8 26. Kb1 Ne6 27. Qc2 c6 28. Bf1 Nd4 29. Qf2 Qe7 30. Qg3 Qc5 31. Ned5 cxd5 32. Qxe5+ Ka7 33. Qxd4 Qxd4 34. Rxd4 dxe4 35. Rxd7 Rxd7 36. Kc2 Rf7 37. Be2 Rf2 38. Kd2 Rxg2 39. Nxe4 Rh2 40. c5 Rxh3 41. Ng5 Rh1 42. b4 h5 43. b5 axb5 44. Bxb5 h4 45. Be8 Rh2+ 46. Ke3 Rxa2 47. Bxg6 h3 48. Nxh3 Ra3+ 49. Bd3 Kb8 50. Nf4 Kc7 51. Kd4 Ra4+ 52. Bc4 b5 53. cxb6+ 1/2-1/2

[Event "Sant Boi Chalmeta Memorial op 28th"]
[Site "Sant Boi de Llobregat"]
[Date "2016.06.17"]
[Round "9"]
[White "Miguel Centeno, David"]
[Black "Garnica Nebot, Esteve"]
[Result "1-0"]
[WhiteElo "2069"]
[BlackElo "2044"]
[PlyCount "69"]
[EventDate "2016.04.22"]
[EventType "swiss"]
[EventRounds "9"]
[EventCountry "ESP"]
[SourceTitle "EXT 2017"]
[Source "ChessBase"]
[SourceDate "2016.10.25"]
[SourceVersion "1"]
[SourceVersionDate "2016.10.25"]
[SourceQuality "1"]

1. e4 c5 2. Nf3 e6 3. d4 cxd4 4. Nxd4 Nf6 5. Nc3 Nc6 6. Ndb5 Bb4 7. Bf4 e5 8. Bg5 0-0 9. Bc4 a6 10. Bxf6 Qxf6 11. Nc7 Bxc3+ 12. bxc3 Rb8 13. 0-0 d6 14. Qd3 Rd8 15. a4 Be6 16. Nd5 Bxd5 17. Bxd5 Rdc8 18. Rab1 Qd8 19. Qe3 Qa5 20. Bb3 Nd8 21. Rfd1 Rc6 22. Rd3 Ne6 23. Bd5 Rc7 24. Bxe6 fxe6 25. Qa7 Rbc8 26. Rxb7 Qxa4 27. h3 Qc6 28. Rxc7 Rxc7 29. Qb8+ Kf7 30. Qd8 Qd7 31. Rf3+ Kg6 32. Rg3+ Kf7 33. Qh8 g6 34. Qxh7+ Kf8 35. Rf3+ 1-0

[Event "Sant Boi Chalmeta Memorial op 28th"]
[Site "Sant Boi de Llobregat"]
[Date "2016.05.13"]
[Round "4"]
[White "Miguel Centeno, David"]
[Black "Morais Carreras, Javier"]
[Result "1-0"]
[WhiteElo "2069"]
[BlackElo "1958"]
[PlyCount "55"]
[EventDate "2016.04.22"]
[EventType "swiss"]
[EventRounds "9"]
[EventCountry "ESP"]
[SourceTitle "EXT 2017"]
[Source "ChessBase"]
[SourceDate "2016.10.25"]
[SourceVersion "1"]
[SourceVersionDate "2016.10.25"]
[SourceQuality "1"]

1. e4 e5 2. Bc4 Nf6 3. d3 Nc6 4. Nf3 Bc5 5. c3 d6 6. Nbd2 a6 7. Bb3 0-0 8. 0-0 Nh5 9. d4 exd4 10. cxd4 Ba7 11. d5 Ne7 12. Nc4 h6 13. Be3 Ng6 14. e5 dxe5 15. Ncxe5 Qf6 16. Re1 Bxe3 17. Rxe3 Nxe5 18. Nxe5 Nf4 19. Qf3 Qg5 20. Qg3 Qxg3 21. hxg3 Nh5 22. Rc1 Nf6 23. Rxc7 a5 24. a4 Ra6 25. Nxf7 Rb6 26. Ne5 Rd6 27. Ng6 Rfd8 28. Ne7+ 1-0

[Event "Cornella Pinol Memorial 2nd"]
[Site "Cornella de Llobregat"]
[Date "2014.11.24"]
[Round "9"]
[White "Miguel Centeno, David"]
[Black "Bernabe Castro, Javier"]
[Result "1/2-1/2"]
[WhiteElo "2205"]
[BlackElo "2073"]
[PlyCount "100"]
[EventDate "2014.09.29"]
[EventType "swiss"]
[EventRounds "9"]
[EventCountry "ESP"]
[SourceTitle "EXT 2016"]
[Source "ChessBase"]
[SourceDate "2015.10.08"]
[SourceVersion "1"]
[SourceVersionDate "2015.10.08"]
[SourceQuality "1"]

1. e4 e6 2. d4 d5 3. e5 c5 4. c3 Nc6 5. Nf3 Bd7 6. a3 f6 7. Bd3 Qc7 8. Bf4 c4 9. Bc2 0-0-0 10. 0-0 h6 11. b3 cxb3 12. Bxb3 g5 13. Be3 f5 14. c4 f4 15. cxd5 exd5 16. Bc1 Be6 17. Nc3 Kb8 18. Qd3 a6 19. Na4 b5 20. Bd2 Na5 21. Bxa5 Qxa5 22. Nc5 Bxc5 23. dxc5 Ne7 24. Nd4 Bc8 25. Rfc1 Qc7 26. a4 b4 27. a5 Nc6 28. Nxc6+ Qxc6 29. Ba4 Qe6 30. Qd4 Rh7 31. Rab1 f3 32. c6 Qg4 33. Rxb4+ Ka8 34. Qxg4 Bxg4 35. Rxg4 fxg2 36. e6 Rc7 37. h4 Re8 38. hxg5 hxg5 39. Re1 Rh7 40. Rxg5 Rh1+ 41. Kxg2 Rxe1 42. Rxd5 Rg8+ 43. Kf3 Rf8+ 44. Kg3 Rg1+ 45. Kh2 Rg6 46. Rh5 Rxf2+ 47. Kh3 Rf3+ 48. Kh2 Rf2+ 49. Kh3 Rf3+ 50. Kh2 Rf2+ 1/2-1/2

[Event "Sant Boi op 36th"]
[Site "Sant Boi de Llobregat"]
[Date "2014.05.30"]
[Round "7"]
[White "Miguel Centeno, David"]
[Black "Nadal Fajardo, Ricard"]
[Result "0-1"]
[WhiteElo "2204"]
[BlackElo "2141"]
[PlyCount "92"]
[EventDate "2014.04.04"]
[EventType "swiss"]
[EventRounds "9"]
[EventCountry "ESP"]
[SourceTitle "CBM 160 Extra"]
[Source "ChessBase"]
[SourceDate "2014.07.01"]
[SourceVersion "1"]
[SourceVersionDate "2014.07.01"]
[SourceQuality "1"]

1. e4 c6 2. Nf3 d5 3. exd5 cxd5 4. Ne5 Nd7 5. d4 Nxe5 6. dxe5 e6 7. Bd3 Ne7 8. 0-0 Nc6 9. Re1 Bd7 10. c3 Rc8 11. Nd2 Be7 12. Qg4 0-0 13. Nf3 f5 14. exf6 Bxf6 15. Rxe6 Bxe6 16. Qxe6+ Kh8 17. Qh3 g6 18. Bxg6 Rc7 19. Be3 Rg8 20. Bf5 Rcg7 21. g3 d4 22. Rd1 Qb6 23. cxd4 Qxb2 24. Ng5 Bxg5 25. Bxg5 Nxd4 26. Be4 Nf3+ 27. Bxf3 Rxg5 28. Rd7 R5g7 29. Bxb7 Rf8 30. f4 Qb1+ 31. Kf2 Qxa2+ 32. Kf3 Qb3+ 33. Kg2 Re8 34. Qf5 Rxd7 35. Qxd7 Re2+ 36. Kf1 Qc4 37. Bd5 Rd2+ 38. Bxc4 Rxd7 39. Ke2 a5 40. Ke3 Rd6 41. f5 Kg7 42. Ke4 Kf6 43. h4 Rb6 44. g4 h6 45. Be6 Rb4+ 46. Kf3 a4 0-1

[Event "Sant Boi op 36th"]
[Site "Sant Boi de Llobregat"]
[Date "2014.05.09"]
[Round "4"]
[White "Barahona Junque, Bernabe"]
[Black "Miguel Centeno, David"]
[Result "0-1"]
[WhiteElo "1975"]
[BlackElo "2204"]
[PlyCount "48"]
[EventDate "2014.04.04"]
[EventType "swiss"]
[EventRounds "9"]
[EventCountry "ESP"]
[SourceTitle "CBM 160 Extra"]
[Source "ChessBase"]
[SourceDate "2014.07.01"]
[SourceVersion "1"]
[SourceVersionDate "2014.07.01"]
[SourceQuality "1"]

1. d4 d6 2. Nf3 Bg4 3. e3 Nf6 4. Be2 Nbd7 5. Nbd2 c6 6. 0-0 e5 7. dxe5 dxe5 8. c3 Be7 9. Qc2 0-0 10. Nc4 Qc7 11. b4 Rfe8 12. e4 Bf8 13. Ne3 Bh5 14. Nf5 a5 15. Bd2 Rad8 16. Ng3 Bg6 17. Nh4 c5 18. Nxg6 hxg6 19. b5 c4 20. a4 Nc5 21. Bxc4 Ncxe4 22. Nxe4 Qxc4 23. Rfe1 Nxe4 24. Rxe4 Rxd2 0-1

[Event "Barcelona Tres Peons op 13th"]
[Site "Barcelona"]
[Date "2011.01.28"]
[Round "4"]
[White "Aguilo Pinol, Ferran"]
[Black "Miguel Centeno, David"]
[Result "0-1"]
[WhiteElo "1899"]
[BlackElo "2106"]
[PlyCount "60"]
[EventDate "2011.01.07"]
[EventType "swiss"]
[EventRounds "9"]
[EventCountry "ESP"]
[SourceTitle "EXT 2012"]
[Source "ChessBase"]
[SourceDate "2011.11.24"]
[SourceVersion "1"]
[SourceVersionDate "2011.11.24"]
[SourceQuality "1"]

1. d4 c5 2. d5 e6 3. e4 exd5 4. exd5 Nf6 5. Qe2+ Qe7 6. Nc3 d6 7. Bg5 Nbd7 8. 0-0-0 Qxe2 9. Bxe2 Be7 10. f4 0-0 11. Nf3 a6 12. Rhe1 h6 13. Bh4 Bd8 14. Rg1 b5 15. g4 b4 16. Na4 Re8 17. Bd3 Bb7 18. Bf5 g6 19. Bxd7 Nxd7 20. Bxd8 Raxd8 21. Rge1 Nf6 22. c4 Nxg4 23. Rd3 Bc8 24. h4 Bf5 25. Rd2 Rxe1+ 26. Nxe1 Re8 27. Ng2 Re4 28. b3 Ne3 29. Nxc5 dxc5 30. d6 Nxg2 0-1

[Event "Mollet del Valles A"]
[Site "Mollet del Valles"]
[Date "2009.11.06"]
[Round "6.1"]
[White "Miguel Centeno, David"]
[Black "Bals Hernandez, Jordi"]
[Result "1-0"]
[WhiteElo "2088"]
[BlackElo "1951"]
[PlyCount "57"]
[EventDate "2009.10.02"]
[EventType "swiss"]
[EventRounds "9"]
[EventCountry "ESP"]
[SourceTitle "EXT 2024"]
[Source "ChessBase"]
[SourceDate "2023.10.10"]
[SourceVersion "1"]
[SourceVersionDate "2023.10.10"]
[SourceQuality "1"]

1. e4 c5 2. Nf3 Nc6 3. d4 cxd4 4. Nxd4 g6 5. Nc3 Bg7 6. Be3 Nf6 7. Bc4 0-0 8. Bb3 d6 9. f3 Bd7 10. Qd2 Nxd4 11. Bxd4 a5 12. a4 Bc6 13. h4 Qd7 14. h5 e5 15. Be3 Nxh5 16. Bh6 Qe7 17. 0-0-0 Rfd8 18. g4 Nf4 19. Qh2 Bf6 20. Bg5 h5 21. Bxf4 exf4 22. gxh5 g5 23. h6 Rac8 24. Qh5 Rc7 25. Nd5 Bxd5 26. Rxd5 b6 27. Rxg5+ Bxg5 28. Qg6+ Kf8 29. h7 1-0

[Event "Mollet del Valles A"]
[Site "Mollet del Valles"]
[Date "2009.10.16"]
[Round "3.1"]
[White "Mas Recorda, Pere"]
[Black "Miguel Centeno, David"]
[Result "1/2-1/2"]
[WhiteElo "1993"]
[BlackElo "2088"]
[PlyCount "75"]
[EventDate "2009.10.02"]
[EventType "swiss"]
[EventRounds "9"]
[EventCountry "ESP"]
[SourceTitle "EXT 2024"]
[Source "ChessBase"]
[SourceDate "2023.10.10"]
[SourceVersion "1"]
[SourceVersionDate "2023.10.10"]
[SourceQuality "1"]

1. Nf3 Nf6 2. c4 e6 3. d4 c5 4. Nc3 cxd4 5. Nxd4 Nc6 6. Nc2 d6 7. e4 Be7 8. Be2 0-0 9. 0-0 a6 10. Be3 Qc7 11. h3 b6 12. Rc1 Bb7 13. b3 Rab8 14. f4 Rfd8 15. Bf3 Ba8 16. Qe2 b5 17. cxb5 axb5 18. Nxb5 Qa5 19. a4 d5 20. exd5 Nxd5 21. Bd2 Qb6+ 22. Kh1 Bf6 23. Bxd5 Rxd5 24. Ne3 Rd7 25. Nc4 Qd8 26. Be3 Ne7 27. Qf2 Rd3 28. b4 Nf5 29. Bb6 Rxh3+ 30. Kg1 Qd3 31. Rfd1 Qg3 32. Qxg3 Rxg3 33. Rd2 Nh4 34. Nc7 Bxg2 35. Kf2 Rf3+ 36. Kg1 Rg3 37. Kf2 Rf3+ 38. Kg1 1/2-1/2

[Event "Mollet del Valles A"]
[Site "Mollet del Valles"]
[Date "2009.10.09"]
[Round "2.1"]
[White "Miguel Centeno, David"]
[Black "Ruiz Planas, Adelito"]
[Result "1-0"]
[WhiteElo "2088"]
[BlackElo "1862"]
[PlyCount "75"]
[EventDate "2009.10.02"]
[EventType "swiss"]
[EventRounds "9"]
[EventCountry "ESP"]
[SourceTitle "EXT 2024"]
[Source "ChessBase"]
[SourceDate "2023.10.10"]
[SourceVersion "1"]
[SourceVersionDate "2023.10.10"]
[SourceQuality "1"]

1. e4 c5 2. Nc3 e6 3. Nf3 a6 4. d4 cxd4 5. Nxd4 Qc7 6. g3 Nf6 7. Bg2 Nc6 8. Be3 d6 9. 0-0 Be7 10. h3 Bd7 11. f4 Nxd4 12. Bxd4 Bc6 13. a4 b6 14. g4 e5 15. Be3 Qb7 16. Nd5 Bxd5 17. exd5 Nd7 18. c4 Rc8 19. Qe2 0-0 20. f5 Qc7 21. b3 Qd8 22. Qd2 h6 23. a5 Nc5 24. Rfb1 Bg5 25. axb6 Bxe3+ 26. Qxe3 Qxb6 27. b4 Nd7 28. Qxb6 Nxb6 29. c5 Nc4 30. Rc1 Ne3 31. Rxa6 Nxg2 32. Kxg2 dxc5 33. bxc5 Rfd8 34. d6 Kf8 35. Kf3 Rd7 36. Ke4 f6 37. Kd5 Rcd8 38. Rca1 1-0

[Event "Mollet del Valles A"]
[Site "Mollet del Valles"]
[Date "2009.10.02"]
[Round "1.1"]
[White "Cornejo Vera, Danilo"]
[Black "Miguel Centeno, David"]
[Result "0-1"]
[WhiteElo "1728"]
[BlackElo "2088"]
[PlyCount "114"]
[EventDate "2009.10.02"]
[EventType "swiss"]
[EventRounds "9"]
[EventCountry "ESP"]
[SourceTitle "EXT 2024"]
[Source "ChessBase"]
[SourceDate "2023.10.10"]
[SourceVersion "1"]
[SourceVersionDate "2023.10.10"]
[SourceQuality "1"]

1. d4 e6 2. c4 Nf6 3. Bg5 c5 4. Nf3 Qb6 5. Bxf6 gxf6 6. Qb3 Nc6 7. Qxb6 axb6 8. d5 Nb4 9. Kd1 exd5 10. Nc3 d4 11. Nb5 Rxa2 12. Rxa2 Nxa2 13. Nc7+ Kd8 14. Nd5 d6 15. Nxb6 Be6 16. e3 dxe3 17. fxe3 Nb4 18. e4 f5 19. Ng5 fxe4 20. Nxe4 Bg7 21. Nc3 Kc7 22. Nba4 Re8 23. Be2 Bf5 24. Nb5+ Kb8 25. Nac3 Bc2+ 26. Ke1 Bd3 27. Kd1 Bc2+ 28. Ke1 Bd3 29. Kd1 Bxe2+ 30. Nxe2 Bxb2 31. Rf1 Re7 32. Rf5 Rd7 33. Nf4 Be5 34. Nd5 Nxd5 35. cxd5 Bxh2 36. Rh5 Be5 37. Rxh7 b6 38. g4 Kb7 39. g5 Ka6 40. g6 Kxb5 41. gxf7 Rxf7 42. Rxf7 Kc4 43. Rb7 b5 44. Kc2 b4 45. Rb8 Kxd5 46. Kb3 Bc3 47. Rc8 Kd4 48. Rc6 d5 49. Rh6 c4+ 50. Ka4 Kd3 51. Kb5 b3 52. Kc5 b2 53. Rh3+ Kc2 54. Rh1 d4 55. Kxc4 b1Q 56. Rxb1 Kxb1 57. Kd3 Kc1 0-1

[Event "Catalunya-chT"]
[Site "Barcelona"]
[Date "2002.??.??"]
[Round "6"]
[White "Satorra Civit, Juan"]
[Black "Miguel Centeno, David"]
[Result "0-1"]
[WhiteElo "2175"]
[BlackElo "2105"]
[PlyCount "58"]
[EventDate "2002.??.??"]
[EventType "team-tourn"]
[EventRounds "9"]
[EventCountry "ESP"]
[SourceTitle "EXT 2008"]
[Source "ChessBase"]
[SourceDate "2007.11.25"]
[SourceVersion "1"]
[SourceVersionDate "2007.11.25"]
[SourceQuality "1"]

1. d4 d5 2. Nf3 e6 3. c4 c5 4. cxd5 exd5 5. Nc3 Nc6 6. e3 Nf6 7. Qa4 Bd7 8. dxc5 Bxc5 9. Qd1 Bg4 10. Be2 d4 11. exd4 Nxd4 12. Nxd4 Qxd4 13. Qxd4 Bxd4 14. Nb5 Be5 15. f4 Bb8 16. Bxg4 Nxg4 17. Bd2 0-0 18. Rc1 Re8+ 19. Kf1 a6 20. Nc7 Bxc7 21. Rxc7 Rad8 22. Rc2 Ne3+ 23. Bxe3 Rd1+ 24. Kf2 Rxh1 25. Rc7 b5 26. Ra7 h6 27. Rxa6 Rc8 28. Bd4 Rc4 29. Be5 f6 0-1